[Event "2nd China Binhai Open 2020"]
[Site "Tianjin"]
[Date "2020.01.14"]
[Round "3.8"]
[White "Kaiyrbekov, Rustam"]
[Black "Xiang, Zeyu"]
[Result "0-1"]
[WhiteElo "2329"]
[BlackElo "2436"]
[Annotator "TA"]
[PlyCount "178"]
[EventDate "2020.01.13"]
[EventType "swiss"]
[EventCountry "CHN"]
[SourceTitle "playchess.com"]
[Source "ChessBase"]
[SourceQuality "1"]

{[%evp 29,180,-4,0,-6,0,-16,-14,-14,-14,-23,-20,-35,-14,-14,-2,-24,-24,-22,-22,-22,-25,-34,-22,-42,-15,-15,-15,-18,8,26,75,74,115,112,97,70,77,77,70,70,70,69,69,69,69,69,69,0,0,-12,-13,-27,255,119,122,119,126,127,120,64,83,0,0,0,0,0,52,0,198,228,238,222,235,232,227,212,228,176,270,235,327,300,288,283,229,0,253,147,126,80,112,85,86,0,15,0,0,0,0,0,0,0,0,0,0,0,0,0,0,0,0,0,0,0,0,0,0,0,0,0,0,0,0,-111,-90,-111,-111,-109,-93,-98,0,-79,-64,-12837,-12838,-12838,-12838,-12839,-12841,-12841,-12840,-12841,-12841,-12843,-12843,-12845,-12845,-12845,-12846,-29993,-29994,-29995,-29996]} 1. d4 d5 2. Nf3 Nf6 3. c4 e6 4. cxd5 exd5 5. Nc3 c6 6. Bg5 Be7 7. Qc2 g6 8. e3 Bf5 9. Bd3 Bxd3 10. Qxd3 Nbd7 11. Bh6 Ng4 12. Bf4 O-O 13. h3 Ngf6 14. O-O Re8 15. Rab1 a5 16. a3 {D35: Queen's Gambit Declined: Exchange Variation} a4 17. Qc2 b5 {[#]} 18. Na2 $146 {The position is equal.} ({Predecessor:} 18. Rfe1 Rc8 19. Rbd1 Bf8 20. Nd2 Nb6 21. Be5 Nfd7 22. Bg3 Bg7 23. Nf3 Nc4 {½-½ (31) Dragun,K (2591)-Aghasaryan,R (2532) Saint Louis 2018}) 18... Rc8 19. Bg5 Nb6 20. Ne5 Nfd7 (20... Nc4 {looks sharper.} 21. Nd3 Ne4 22. Bxe7 Qxe7 23. Rfe1 Qh4) 21. Bxe7 Qxe7 22. Nxd7 Qxd7 23. Nb4 Nc4 24. Nd3 Qf5 25. Qc3 h5 26. Nc5 Ra8 27. Rbe1 Ra7 28. f3 Qg5 {[%cal Re8e3]} 29. e4 Rae7 30. f4 Qf6 {[%cal Rd5e4]} 31. e5 Qf5 32. Kh2 h4 33. Rf3 Kg7 34. Rg1 Rh8 35. Nd3 Re6 36. Nf2 Ree8 37. Ng4 Re7 38. Nf6 ({White should try} 38. Re1 $14) 38... Re6 $1 $11 39. g4 hxg3+ $1 40. Rgxg3 Re7 $2 {[%mdl 8192]} (40... Rxf6 $1 $11 41. exf6+ Kxf6) 41. Rf1 (41. Rg5 $1 $18 {[%cal Rg5f5]} Qb1 42. f5 Qxb2+ 43. Qxb2 Nxb2 44. Ng4) 41... Re6 $16 42. Rg5 $36 {[%mdl 2048] White is on the roll.} Rxf6 43. Rxf5 Rxf5 44. Rf3 (44. Kg3 $16) 44... Rh4 $14 45. Kg3 (45. Qb4 $16) 45... Rfh5 $11 46. Kg2 Rf5 $1 47. Qc1 Kg8 (47... g5 $11) 48. e6 ({Better is} 48. Rf2 $14) 48... fxe6 $2 (48... Rh8 $11 {and Black is okay.}) 49. Qe1 $1 $18 {[%csl LRe6,LRh4][%mdl 64] Double Attack} Rhxf4 50. Qxe6+ Kg7 51. Rxf4 Rxf4 52. Qxc6 Rxd4 53. Qxb5 {[%mdl 4096] Endgame KQ-KRN} Rd2+ (53... Kh6 {keeps fighting.} 54. b4 Rd2+ 55. Kg3 Rd3+ 56. Kf2 Kg5 57. Qxa4 Rxa3) 54. Kg3 Nxb2 55. Qb4 Nc4 56. Qxa4 Rd3+ 57. Kg4 $2 (57. Kf4 $18) 57... Kh6 $2 {[%mdl 8192]} (57... Rxa3 $11 {and Black has nothing to worry.} 58. Qd7+ Kh6) 58. Qe8 (58. Qa8 $18 {[%cal Ra8h8]} Rd4+ 59. Kg3 Rd3+ 60. Kf2) 58... Rd4+ $16 59. Kf3 Rd3+ 60. Kg2 Rxa3 61. Qe7 (61. h4 $1 $16 {[%cal Re8h8]} Ra7 62. Kg3) 61... Re3 62. Qf7 (62. Qf8+ {seems wilder.} Kh5 63. Qh8+ Kg5 64. Qd8+ Kf5 65. Qxd5+ Ne5 66. Qc5) 62... Re2+ 63. Kf1 Re5 64. Qg8 (64. Kg2 {keeps more tension.} Kg5 65. Kg3 Re3+ 66. Kf2 Re5 67. Kg3) 64... Kg5 65. Kg2 Ne3+ 66. Kf3 {aiming for h4+!} Nf5 67. Qd8+ Ne7 68. h4+ Kf6 69. Qd6+ Re6 70. Qf4+ (70. Qd7 {feels hotter.} Kf7 71. Qa7 Rf6+ 72. Ke2 Rf5 73. Kd2) 70... Kg7 71. Qd4+ (71. Qc1 {is more complex.} Kf7 72. Qc7 Rf6+ 73. Ke2 Rf5 74. Qb6) 71... Kf7 72. Qh8 Rf6+ 73. Kg4 Rf5 74. Qd8 Rh5 75. Qd7 d4 76. Qd8 (76. Qxd4 Rxh4+ $1 {[%mdl 512]} 77. Kxh4 Nf5+ 78. Kg4 Nxd4 79. Kh4 Kf6 80. Kg3 g5 81. Kg4 Kg6 82. Kg3 Kf5 83. Kf2 Kf4 84. Ke1 g4 85. Kd2 Ke4 86. Kd1 Ke3 87. Ke1 Nc2+ 88. Kf1 Kf3 89. Kg1 g3 90. Kh1 Nd4 91. Kg1 g2 92. Kh2 Ne2 93. Kh3 g1=Q 94. Kh4 Qg4#) (76. Qc7 $11 {keeps the balance.}) 76... Rd5 $17 77. Qb8 {[#]} d3 $1 {[%cal Rd3d2]} 78. Qf4+ Ke6 79. Qe3+ Kd6 (79... Kf6 $17 {Hoping for ...d2.} 80. Qb6+ Kf7 81. Qf2+ Nf5) 80. Qf4+ (80. Qd2 $1 $11 {remains equal.}) 80... Kd7 {And now ...d2 would win.} 81. Qc4 $2 {[%mdl 8192]} (81. Qd2 $15) 81... d2 $19 82. Qa4+ Nc6 83. Qd1 Kd6 84. Kf4 Ne5 85. Kg5 Nd3+ 86. Kxg6 Nf2 87. Qf3 d1=Q 88. Qf6+ Kc7 {( -> ...Qg4+)} 89. Qxf2 Qg4+ 0-1

[Event "2nd China Binhai Open 2020"]
[Site "Tianjin"]
[Date "2020.01.15"]
[Round "4.1"]
[White "Xiang, Zeyu"]
[Black "Sethuraman, S.P."]
[Result "1/2-1/2"]
[WhiteElo "2436"]
[BlackElo "2638"]
[Annotator "TA"]
[PlyCount "61"]
[EventDate "2020.01.13"]
[EventType "swiss"]
[EventCountry "CHN"]
[SourceTitle "playchess.com"]
[Source "ChessBase"]
[SourceQuality "1"]

{[%evp 23,61,29,39,39,45,24,32,11,14,0,37,41,67,39,45,51,57,56,50,34,30,8,7,6,63,0,0,0,0,0,0,0,0,0,0,0,0,0,0,0]} 1. d4 Nf6 2. c4 c5 3. d5 g6 4. Nc3 Bg7 5. e4 d6 6. Nf3 O-O 7. Bd3 e6 8. O-O exd5 9. exd5 Bg4 10. h3 Bxf3 11. Qxf3 Nbd7 12. Qd1 Ne8 13. Bd2 {E90: King's Indian: Classical: Early deviations and 6 h3} Nc7 {[#]} 14. Re1 $146 ({Predecessor:} 14. Qc2 Re8 15. Rae1 a6 16. Ne4 Ne5 17. Be2 b5 18. b3 f5 19. Bg5 Qd7 20. Nf6+ Bxf6 21. Bxf6 {1-0 (34) Komarov,D (2595)-Velimirovic,D (2510) Niksic 1996}) 14... f5 15. Bf4 {White is slightly better.} Be5 16. Bxe5 dxe5 17. Bc2 Ne8 18. Ba4 Nb6 19. Rxe5 {Strongly threatening b3.} Nxc4 20. Rxe8 Rxe8 21. Bxe8 Qxe8 22. Qb3 Nd6 23. a4 Qf7 (23... b6 $11) 24. Re1 ({White should try} 24. Nb5 $14 Ne4 25. a5) 24... Re8 $11 {The position is equal.} 25. Rxe8+ Qxe8 26. Nb5 Qe1+ 27. Kh2 Qe5+ 28. Kg1 {Black should prevent Nxd6.} Qe1+ 29. Kh2 Qe5+ 30. Kg1 {Threatening Nxd6.} Qe1+ 31. Kh2 {Accuracy: White = 47%, Black = 49%.} 1/2-1/2

[Event "2nd China Binhai Open 2020"]
[Site "Tianjin"]
[Date "2020.01.15"]
[Round "4.2"]
[White "Zhou, Jianchao"]
[Black "Zhang, Ziji"]
[Result "1/2-1/2"]
[WhiteElo "2623"]
[BlackElo "2432"]
[Annotator "TA"]
[PlyCount "55"]
[EventDate "2020.01.13"]
[EventType "swiss"]
[EventCountry "CHN"]
[SourceTitle "playchess.com"]
[Source "ChessBase"]
[SourceQuality "1"]

{[%evp 12,55,19,10,19,22,22,20,27,14,14,15,26,27,25,16,44,8,15,13,5,20,30,0,0,-11,0,0,0,-8,0,0,0,0,0,0,0,0,0,-9,0,0,0,0,0,0]} 1. d4 Nf6 2. c4 e6 3. Nf3 d5 4. Nc3 Be7 5. Bf4 O-O 6. e3 b6 7. Bd3 dxc4 {D37: Queen's Gambit Declined: 5 Bf4} 8. Bxc4 Ba6 9. Qe2 Qc8 10. Rc1 Qb7 11. O-O Bxc4 12. Qxc4 c5 13. dxc5 {next Bxb8 is good for White.} Bxc5 14. e4 Rc8 {[#] Strongly threatening ...Bxf2+!} 15. Qa4 $146 ({Predecessor:} 15. Qe2 Bb4 16. Nb5 Na6 17. a3 Bf8 18. Nd2 Rxc1 19. Rxc1 Nc5 20. e5 Nd5 21. Bg3 {½-½ (21) Kuzubov,Y (2667)-Kryvoruchko,Y (2675) Lutsk 2019}) 15... Nc6 16. e5 Nd7 17. Nb5 Nb4 {The position is equal.} 18. Nd6 Bxd6 $1 19. exd6 Nd5 20. Bg3 Rxc1 21. Rxc1 Rc8 22. Qd1 Rc6 23. Nd4 Rc5 24. h3 h6 25. Nb3 Rc6 26. Nd4 Rc5 27. Nb3 Rc6 28. Nd4 {Accuracy: White = 64%, Black = 65%.} 1/2-1/2

[Event "2nd China Binhai Open 2020"]
[Site "Tianjin"]
[Date "2020.01.15"]
[Round "4.3"]
[White "Liu, Yan"]
[Black "Zhao, Chenxi"]
[Result "1-0"]
[WhiteElo "2513"]
[BlackElo "2396"]
[Annotator "TA"]
[PlyCount "53"]
[EventDate "2020.01.13"]
[EventType "swiss"]
[EventCountry "CHN"]
[SourceTitle "playchess.com"]
[Source "ChessBase"]
[SourceQuality "1"]

{[%evp 10,53,25,18,30,19,16,16,82,70,87,78,105,86,91,83,133,131,128,131,113,132,128,103,157,147,205,212,234,230,231,232,249,247,260,272,326,312,674,666,664,650,971,948,1001,1001]} 1. Nf3 Nf6 2. c4 g6 3. d4 Bg7 4. g3 O-O 5. Bg2 d6 6. O-O Ne4 {E60: King's Indian: Unusual lines and Fianchetto Variation without Nc3} 7. b3 Nc6 8. Bb2 e5 {[#]} (8... a5 $11 {remains equal.}) 9. d5 $1 $16 {[%cal Rd5c6]} Ne7 {[#]} 10. Nxe5 $1 Nxf2 11. Rxf2 {Hoping for Nd3.} ({But not} 11. Kxf2 dxe5 12. Nc3 Nf5 $14) 11... dxe5 12. e4 $146 ({Predecessor:} 12. c5 Nf5 13. Qd2 Qe7 14. e4 Nd4 15. Ba3 c6 16. Nc3 {½-½ (16) Mamedyarov,S (2772)-Firouzja,A (2723) Moscow 2019}) 12... Nc6 13. Ba3 Nd4 14. Bxf8 Bxf8 15. Nc3 Bd7 16. Qd3 Bd6 (16... Bc5 $142) 17. Raf1 Qe7 (17... Bc5 $16 18. Kh1 f5 19. exf5 gxf5) 18. Rxf7 $18 Qxf7 19. Rxf7 Kxf7 20. Ne2 Bc5 {And now ...Nxe2+ would win.} 21. Kh1 Nxe2 22. Qxe2 Bd4 23. Qd2 Kg7 $2 (23... h5 24. h4 b6) 24. Qb4 {White is clearly winning.} Rf8 25. Qxb7 Kh6 26. Qxc7 Bg4 27. Qe7 {Accuracy: White = 90%, Black = 20%.} 1-0

[Event "2nd China Binhai Open 2020"]
[Site "Tianjin"]
[Date "2020.01.15"]
[Round "4.4"]
[White "Munguntuul, Batkhuyag"]
[Black "Nie, Xinyang"]
[Result "1-0"]
[WhiteElo "2430"]
[BlackElo "2379"]
[Annotator "TA"]
[PlyCount "67"]
[EventDate "2020.01.13"]
[EventType "swiss"]
[EventCountry "CHN"]
[SourceTitle "playchess.com"]
[Source "ChessBase"]
[SourceQuality "1"]

{[%evp 9,67,16,15,19,19,16,28,0,-14,-7,0,-14,-9,-16,-14,-17,-7,-56,-42,-87,-54,-93,-112,-97,-109,-104,-112,-102,-80,-99,-69,-101,-111,-245,-25,-29,-12,-12,0,0,0,0,13,13,30,27,83,96,502,458,3565,347,589,576,29983,29984,29981,29982,29980,1535]} 1. e4 c6 2. Nc3 d5 3. Nf3 Nf6 4. e5 Ne4 5. Ne2 Qb6 {[%csl Ge4][%cal Rb6f2]} 6. d4 {B11: Caro-Kann: Two Knights Variation} e6 7. Ng3 c5 8. Bd3 {White has an edge.} Nxg3 $1 9. hxg3 cxd4 10. g4 Nc6 $36 {[%mdl 2048] Black has the initiative.} 11. a3 Bd7 12. Kf1 O-O-O $146 ({Predecessor:} 12... f6 13. Qe2 {1-0 (43) Carlsen,M (2855)-Grischuk,A (2747) ICC INT 2016}) 13. Qe2 f6 14. Rxh7 Be7 (14... Rxh7 {is more complex.} 15. Bxh7 Be7 16. Bd3 Rh8 17. Kg1 fxe5 18. Nxe5 Nxe5 19. Qxe5 Bf6) 15. Rxh8 Rxh8 16. Kg1 fxe5 17. Nxe5 Nxe5 18. Qxe5 Bf6 19. Qg3 g5 $1 20. Qf3 Bd8 21. c3 (21. Bd2 $17) 21... Qd6 $2 (21... e5 $1 $19 {[%cal Re5e4] And now ...e4 would win.} 22. Bf5 e4 23. Bxd7+ Kb8) 22. cxd4 $11 Qh2+ 23. Kf1 Bb6 24. Rb1 Bxd4 {Threatens to win with ...Bc5.} 25. Bxg5 {Strongly threatening Rc1+.} Qe5 {[%cal Rh8h1]} 26. Bh6 Bxb2 (26... Kc7 $5 {[%cal Rh8h6]} 27. g5 Qh2 $11) 27. Kg1 Bxa3 (27... Qf6 $1 $11 {remains equal.} 28. Be3 Qxf3 29. gxf3 Bxa3) 28. Bf4 $16 Qc3 $2 {[%mdl 8192]} (28... Qd4 $16) 29. Qe3 $18 Rf8 (29... Bc5 $142 30. Rc1 Bxe3 31. Rxc3+ Bc6) 30. Bg3 $2 (30. Qxa7 {[%csl Gf4][%cal Ra7b8]} Rxf4 31. Rxb7 Qa1+ 32. Bf1) 30... Kd8 $2 (30... Bc5 {might work better.} 31. Rc1 Bxe3 32. Rxc3+ Bc6) 31. Rxb7 Qc6 32. Qxa7 {White mates.} Qc1+ 33. Bf1 Rf7 {[#]} 34. Qb8+ {Accuracy: White = 39%, Black = 34%.} (34. Rc7 $142 $1 Qxf1+ {[%mdl 64] Remove Defender} 35. Kxf1 Bb5+ {[#]} 36. Kg1 $1 {[%mdl 512]} Rxc7 37. Qxc7+ Ke8 38. Qb8+ {[%mdl 64] Double Attack} Kf7 39. Qxb5) 1-0

[Event "2nd China Binhai Open 2020"]
[Site "Tianjin"]
[Date "2020.01.15"]
[Round "4.5"]
[White "Zhai, Mo"]
[Black "Batchuluun, Tsegmed"]
[Result "1/2-1/2"]
[WhiteElo "2360"]
[BlackElo "2530"]
[Annotator "TA"]
[PlyCount "140"]
[EventDate "2020.01.13"]
[EventType "swiss"]
[EventCountry "CHN"]
[SourceTitle "playchess.com"]
[Source "ChessBase"]
[SourceQuality "1"]

{[%evp 15,140,30,41,25,33,18,17,10,16,14,4,6,11,0,0,0,8,11,15,24,21,0,0,0,47,47,55,52,79,79,70,44,42,52,39,23,48,45,42,29,37,27,29,33,36,34,62,38,64,66,59,58,64,64,65,79,125,68,132,74,79,0,67,0,12,13,78,66,66,0,3,0,0,0,0,0,0,0,0,-5,-5,-8,-14,-43,-43,-37,-2,0,0,0,0,0,0,0,0,0,0,0,0,0,0,0,0,0,0,0,0,0,0,0,0,0,0,0,0,0,0,0,0,0,0,0,0,0,0,0,0]} 1. d4 Nf6 2. c4 e6 3. Nf3 Bb4+ 4. Bd2 c5 5. Bxb4 cxb4 6. g3 O-O 7. Bg2 a5 8. O-O d6 9. Qd3 {E11: Bogo-Indian} (9. a3 Na6 10. Qd3 Re8 11. Nbd2 Bd7 12. e4 e5 13. Rfd1 exd4 14. Qxd4 Ba4 15. Re1 Bc6 16. Nh4 g6 17. axb4 Nxb4 {½-½ (121) Yilmaz,M (2595)-McShane,L (2682) Douglas 2019}) 9... Qc7 10. Nbd2 b6 11. Rac1 Bb7 12. e4 $146 ({Predecessor:} 12. Rfe1 Nbd7 13. Nh4 Bxg2 14. Nxg2 Rfe8 15. e4 e5 16. Ne3 exd4 {½-½ (31) Sutkus,V (2428)-Schuster,P (2442) ICCF email 2014}) 12... e5 13. Nh4 Nc6 14. Nf5 Bc8 15. Rfd1 Bxf5 16. exf5 Rac8 17. Bxc6 Qxc6 18. dxe5 dxe5 19. Nf1 e4 20. Qd6 h6 21. Ne3 Rc7 22. Qxc6 Rxc6 23. Rd4 b5 24. Rcd1 bxc4 25. Rxc4 Rfc8 26. Rxc6 Rxc6 $14 {[%mdl 4096] Endgame KRN-KRN} 27. Rd8+ Kh7 28. Kg2 h5 29. h3 g6 30. fxg6+ Kxg6 31. b3 Rc5 32. Rd6 Kg7 33. g4 hxg4 34. hxg4 Ne8 35. Rd4 Nf6 {[#]} 36. Rd8 ({White should try} 36. Kg3 $1 $16) 36... Rc1 {[#]} (36... Kh6 $14) 37. Ra8 ({Better is} 37. Kg3 $1) 37... Rc5 $16 38. Rd8 ({White should play} 38. Ra7 $16) 38... Rc3 (38... Rc1 $1 $11) 39. Rd4 (39. Kg3 $14) 39... Kg6 40. Rd6 Rc5 (40... Kg5 $11) 41. Kg3 {Threatens to win with Kf4.} Kg5 42. Ra6 (42. Rd8 $1 $14) 42... Nd5 $11 43. Nc4 f5 44. gxf5 Kxf5 45. Ra8 Nc3 46. Nd6+ Ke6 47. Nb7 Rg5+ 48. Kh4 Rg2 49. Re8+ Kd7 50. Rf8 Nxa2 (50... a4 {keeps more tension.} 51. bxa4 Nxa4 52. Kh3 Rg1 53. Rf6 Kc7) 51. Nxa5 {The position is equal.} Ke6 52. Nc4 Rg1 53. Re8+ Kd5 54. Rd8+ Kc5 55. Nd2 Nc3 56. Rc8+ Kd4 57. Rd8+ Kc5 58. Rc8+ Kd4 59. Rd8+ Ke5 60. Re8+ Kf5 (60... Kd4 {keeps more tension.} 61. Rd8+) 61. Rf8+ Ke6 62. Re8+ Kd7 63. Re5 Re1 64. Kg3 Rd1 65. Nxe4 Rd3+ 66. Kf4 {Hoping for Nc5+.} Nxe4 67. Kxe4 Rxb3 68. Rb5 Ke7 69. Kd4 Rf3 70. Rxb4 Rxf2 {Accuracy: White = 61%, Black = 59%.} 1/2-1/2

[Event "2nd China Binhai Open 2020"]
[Site "Tianjin"]
[Date "2020.01.15"]
[Round "4.6"]
[White "Ma, Lin"]
[Black "Zou, Chen"]
[Result "0-1"]
[WhiteElo "2146"]
[BlackElo "2460"]
[Annotator "TA"]
[PlyCount "48"]
[EventDate "2020.01.13"]
[EventType "swiss"]
[EventCountry "CHN"]
[SourceTitle "playchess.com"]
[Source "ChessBase"]
[SourceQuality "1"]

{[%evp 12,112,10,0,35,-101,-90,-89,-80,-83,-89,-113,-112,-129,-114,-131,-134,-183,-125,-128,-144,-140,-150,-137,-134,-129,-91,-162,-104,-99,-81,-86,-91,-83,-98,-87,-77,-114,-82,-80,-85,-114,-110,-147,-136,-145,-112,-141,-124,-119,-116,-157,-93,-156,-137,-302,-318,-288,-117,-244,-268,-246,-105,-146,-51,-53,-59,-77,-50,-54,-60,-35,-68,-83,-80,-64,-80,-101,-53,-90,-68,-176,-81,-181,-44,-499,-492,-473,-491,-476,-482,-425,-468,-459,-466,-460,-393,-397,-386,-483,-376,-29987,-29988]} 1. d4 Nf6 2. c4 c5 3. Nf3 cxd4 4. Nxd4 Nc6 5. Nc3 e6 6. g3 Qb6 7. Nb3 Ne5 {A33: Symmetrical English: 2 Nf3 Nf6 3 d4 cxd4 4 Nxd4 e6 5 Nc3 Nc6} 8. Nd2 (8. e4 $14 {stays ahead.}) (8. e4 Bb4 9. c5 Qc6 10. f3 b6 11. Bf4 Ng6 12. Bd6 bxc5 13. a3 Bxc3+ 14. bxc3 Ba6 15. Bxa6 Qxa6 16. Nxc5 {1-0 (42) Bruzon Batista,L (2653)-Swiercz,D (2656) Saint Louis 2018}) 8... Bc5 $1 $17 {[%csl Gb6][%cal Rc5f2]} 9. e3 Qc6 $146 {Black is better.} ({Predecessor:} 9... Bxe3 10. fxe3 Qxe3+ 11. Qe2 Nd3+ 12. Kd1 Nf2+ 13. Ke1 Qxe2+ 14. Nxe2 Nxh1 15. Bg2 Nxg3 16. hxg3 {0-1 (51) Costa,C-Choma,E (2268) Dos Hermanas 2004}) 10. Rg1 O-O 11. Bg2 Qc7 12. Qe2 {[#]} d5 $1 {[%mdl 512]} 13. b3 (13. cxd5 exd5) 13... Rd8 14. Nb5 Qb8 (14... Qa5 $19 15. Bb2 a6 16. Bxe5 axb5 17. Bxf6 gxf6 18. Qg4+ Kh8 19. cxd5 Bb4) 15. Ba3 Bxa3 16. Nxa3 Qd6 17. Nb5 Qb6 18. Nd4 Bd7 19. f3 (19. cxd5 $17 Nxd5 20. Bxd5 exd5 21. g4) 19... Nc6 (19... Ng6 $1 $19 20. Nc2 e5) 20. Nxc6 Bxc6 21. Kf2 d4 22. Rgd1 d3 23. Qe1 e5 24. Rac1 e4 {Played: Qb6-c5} 0-1

[Event "2nd China Binhai Open 2020"]
[Site "Tianjin"]
[Date "2020.01.15"]
[Round "4.7"]
[White "Xu, Minghui"]
[Black "Xu, Jialun"]
[Result "1-0"]
[WhiteElo "2404"]
[BlackElo "2166"]
[Annotator "TA"]
[PlyCount "93"]
[EventDate "2020.01.13"]
[EventType "swiss"]
[EventCountry "CHN"]
[SourceTitle "playchess.com"]
[Source "ChessBase"]
[SourceQuality "1"]

{[%evp 9,93,37,39,23,19,10,40,-33,31,24,25,24,31,31,39,44,44,44,41,38,52,25,21,26,23,15,15,15,19,15,16,16,17,17,17,17,14,18,15,9,9,10,121,119,104,108,142,133,182,195,264,266,241,220,312,307,270,270,202,95,387,370,329,362,536,508,646,375,645,470,701,704,512,358,757,700,1632,2031,29956,5110,12850,6625,5708,3422,29958,29958]} 1. d4 e6 2. c4 f5 3. g3 Nf6 4. Bg2 Be7 5. Nc3 O-O 6. Qc2 {A91: Classical Dutch: Early Deviations} d5 7. Nf3 c6 8. Bf4 (8. O-O $14) 8... Ne4 ({Better is} 8... dxc4 $15 9. Rd1 Nbd7) 9. O-O Nd7 10. Nxe4 (10. h4 Bf6 11. Rad1 Qe8 12. Nd2 Nb6 13. Ndxe4 fxe4 14. e3 Qg6 15. c5 Nd7 16. Bd6 Rf7 17. f3 exf3 18. Qxg6 hxg6 19. Bxf3 {½-½ (40) Cordova,E (2585)-Albornoz Cabrera,C (2555) Merida 2019}) 10... fxe4 11. Ne5 Nxe5 12. Bxe5 Bf6 13. Bxf6 Qxf6 14. Qc3 $146 ({Predecessor:} 14. Rad1 Bd7 15. f3 exf3 16. exf3 Rae8 17. f4 {1-0 (25) Zhuravlev,G-Gerold,G ICCF corr 1985}) 14... Bd7 15. f3 exf3 $1 16. exf3 c5 17. dxc5 Qxc3 18. bxc3 {Threatening cxd5.} Rfc8 19. Rab1 Rab8 20. Bh3 {With the idea cxd5.} Rxc5 21. cxd5 Rxd5 22. c4 Re5 23. f4 Re2 24. Rbd1 $36 {[%mdl 2048] White has the initiative.} Bc6 25. Rf2 Rxf2 (25... Re3 $11 {keeps the balance.}) 26. Bxe6+ $16 ({But not} 26. Kxf2 $6 Kf7 $11) 26... Kf8 27. Kxf2 {[%mdl 4096] Endgame KRB-KRB} Re8 28. f5 g6 29. g4 $1 Kg7 (29... Ke7 $142 30. h4 Rf8) 30. Rd6 $18 h5 31. fxg6 Rf8+ (31... hxg4 $142 32. Kg3 (32. Bxg4 Rh8 $16) 32... Rf8 33. Bxg4 Be4) 32. Bf7 hxg4 33. Kg3 Rh8 {[#]} 34. Rd2 ({Don't take} 34. Kxg4 $6 Rxh2 35. a3 Ra2 $16) (34. Bd5 $1 $18 {and White stays clearly on top.}) 34... Bf3 $2 {[%mdl 8192] [#]} (34... Be4 $16) 35. Kf4 $1 Rh5 36. Rd7 Bc6 (36... Rc5 $142 37. h4 a5) 37. Rc7 Ra5 38. Kxg4 Rxa2 $2 (38... Kf6 39. h4 Rc5) 39. h4 Kf6 (39... Rg2+ $142 40. Kh3 Rxg6 41. Bxg6+ Kxg6) 40. h5 Rg2+ 41. Kh3 {Rxc6+ is the strong threat.} Rg1 $2 (41... Rg5 42. Kh4 Be4) 42. Bd5 Bxd5 43. cxd5 Rg5 44. Rf7+ Ke5 45. Kh4 Rg1 46. g7 Kxd5 47. h6 {Accuracy: White = 67%, Black = 31%.} 1-0

[Event "2nd China Binhai Open 2020"]
[Site "Tianjin"]
[Date "2020.01.15"]
[Round "4.8"]
[White "Qiu, Mengjie"]
[Black "Dai, Changren"]
[Result "0-1"]
[WhiteElo "2167"]
[BlackElo "2506"]
[Annotator "TA"]
[PlyCount "86"]
[EventDate "2020.01.13"]
[EventType "swiss"]
[EventCountry "CHN"]
[SourceTitle "playchess.com"]
[Source "ChessBase"]
[SourceQuality "1"]

{[%evp 9,86,12,20,12,11,12,14,11,20,14,8,-5,46,37,46,41,50,63,40,31,52,26,26,27,58,16,25,20,37,8,8,-11,-12,-21,-30,-127,-108,-104,-113,-127,-106,-133,-104,-160,-103,-112,-105,-205,-170,-229,-229,-229,-240,-240,-225,-457,-449,-471,-471,-581,-582,-579,-561,-593,-547,-857,-831,-832,-793,-837,-820,-912,-910,-29989,-29990,-29990,-29991,-29991,-29992]} 1. e4 c5 2. Nf3 Nc6 3. Bb5 g6 4. O-O Bg7 5. Nc3 e5 6. a3 {B31: Sicilian: 2...Nc6 3 Bb5 g6} (6. Nd5 Nge7 7. d3 Nxd5 8. exd5 a6 9. Ba4 Ne7 10. Re1 O-O 11. Nxe5 d6 12. Nf3 Nxd5 13. Bb3 Nf6 {½-½ (40) Bartel,M (2634)-Zvjaginsev,V (2627) Moscow 2019}) 6... Nge7 7. d3 O-O 8. Be3 {The position is equal.} d6 9. Bc4 Nd4 10. Nd5 $146 ({Predecessor:} 10. Bg5 Qc7 11. Bxe7 Qxe7 12. Nd5 Qd8 13. Nxd4 cxd4 14. f4 exf4 15. Nxf4 {½-½ (34) Schmitz,A (2361)-Siigur,J (2455) ICCF email 2009}) 10... Be6 (10... Nxd5 $11 11. Bxd5 Be6) 11. Bg5 $14 Bxd5 12. Bxd5 Ne6 13. Bxe6 fxe6 14. Qd2 Qd7 15. h3 Nc6 16. c3 Nd8 17. Nh2 Nf7 18. Be3 Rac8 19. f4 b6 20. Rf2 d5 21. Qe2 d4 22. Bd2 (22. cxd4 $11 exd4 23. Bd2) 22... dxc3 23. Bxc3 {[#]} exf4 $1 24. e5 Nh6 25. Rd1 Qd5 26. d4 (26. Qe4 $142) 26... Rcd8 (26... Rfd8 $142 {...Bxe5! is the strong threat.} 27. Rd2 Nf5 28. dxc5 Qxc5) 27. Rd2 $17 Nf5 {[%cal Rc5d4]} 28. Nf3 (28. dxc5 $17 Qxc5 29. Qe1) 28... c4 ({Resist} 28... cxd4 29. Bxd4 Qc6 30. Bc3 $17) 29. Ng5 {[#]} (29. Rd1 {was called for.}) 29... Bh6 $1 $19 {[%cal Rh6g5]} 30. Qg4 Bxg5 $1 31. Qxg5 Ng3 32. Bb4 $2 (32. Rxf4 Ne4 {[%mdl 64] Double Attack} 33. Rxf8+ Rxf8 34. Qh4) 32... Ne4 {[%mdl 64] Double Attack} 33. Qh4 Rf5 34. Rfe2 {aiming for Rxe4!} Nxd2 35. Rxd2 Rd7 36. Bd6 Rdf7 37. Kh2 f3 {Strongly threatening ...f2.} 38. Rf2 fxg2 39. Rxg2 Qf3 40. Qd8+ Kg7 {Threatens to win with ...Qf4+.} 41. Qe8 Qf4+ {[%mdl 64] Double Attack. Black mates.} 42. Kh1 Qc1+ 43. Kh2 Rf1 {Accuracy: White = 29%, Black = 77%.} 0-1